10 Najlepszych strzelców Bayernu Monachium - Statystyki

Ogólne statystyki
  • Ten quiz został rozwiązany 79 razy
  • Średni wynik to 4 z 10
Statystyki odpowiedzi
Gole Piłkarz % Poprawnych
344 Robert Lewandowski
100%
570 Gerd Muller
99%
250 Thomas Muller
97%
144 Arjen Robben
70%
217 Karl - Heinz Rummenigge
23%
139 Giovane Elber
16%
145 Dieter Hoenes
10%
229 Rainer Ohlhauser
3%
156 Roland Wohlfarth
3%
141 Dieter Brenninger
1%
Nie znaleziono quizów pasujących do podanych kryteriów
Rozkład punktacji
Procent ludzi z każdym wynikiem
Percentyl według liczby udzielonych odpowiedzi
Twoja historia wyników
Nie rozwiązałeś tego quizu